Recordando a Tuñón. (Registro nro. 2642)
[ vista simple ]
| 000 -LEADER | |
|---|---|
| fixed length control field | 01362nam a2200205 a 4500 |
| 008 - CAMPO DE CONTROL (LIBRO) | |
| fixed length control field | s1997 ag |||g |||| 001 0 spa d |
| 020 ## - INTERNATIONAL STANDARD BOOK NUMBER | |
| ISBN | 9508600586 |
| 041 ## - CODIGO DE IDIOMA | |
| Código de idioma del texto/pista de sonido o título separado | spa |
| 092 ## - SIGNATURA TOPOGRAFICA DEWEY LOCAL | |
| número de clasificación | 808 |
| libristica | 30 |
| sección | GRA |
| 100 1# - ENTRADA PRINCIPAL--NOMBRE PERSONAL | |
| Nombre personal | Grabivker, Mario José |
| 9 (RLIN) | 3341 |
| 245 ## - TITULO PROPIAMENTE DICHO | |
| Título | Recordando a Tuñón. |
| Subtítulo y Título paralelo | Testimonios, ensayos y poemas / |
| Mención de responsabilidad y remanente de la transcripción de la portada | Mario José Grabivker |
| 250 ## - MENCION DE EDICION | |
| Mención de edición | 1a ed. |
| 260 ## - PIE DE IMPRENTA | |
| Lugar de publicación, distribución, etc | Buenos Aires: |
| Nombre de la editorial, distribuidor, etc | Ediciones Instituto Movilizador de Fondos Cooperativos; |
| Fecha de publicación | 1997. |
| 300 ## - DESCRIPCION FISICA | |
| Extension | 127 p. |
| 500 ## - NOTA GENERAL | |
| Nota general | Gravivker, M. J. (1997). Recordando a Tuñon. Testimonios, ensayos y poemas. (1a ed.). Buenos Aires : Instituto Movilizador de Fondos Cooperativos. |
| 505 ## - NOTA DE CONTENIDO | |
| Nota de contenido formateada | Los trabajos que presentamos informan sobre la vida y la obra del poeta argentino Raúl González Tuñón. En su conjunto, intentan dar una visión, lo más amplia posible, de sus intereses afectivos, políticos, literarios, como así también del tiempo qu ele tocó vivir. Es significativo que los diferentes autores que estudian su obra no puedan separar la peripecia personal de Raúl González Tuñón de su poética, su texto del contexto en que ésta se produce. Poeta lírico, épico, intimista, social, inició un camino que grandes poetas latinoamericanos y españoles, recorrerían después. |
| 590 ## - NOTAS LOCALES (RLIN) | |
| Nota local | Donación Maria Vitarelli, Noviembre 2017. |
| 655 ## - MATERIA - GENERO/FORMA | |
| Género/Forma | Literatura |
| -- | 2917 |
| 942 ## - ADDED ENTRY ELEMENTS (KOHA) | |
| Source of classification or shelving scheme | Dewey Decimal Classification |
| Item type | LITERATURA |
| Estado de retiro | Existencia | Fuente de clasificación | Estado general | No para prestamo | Ubicación permanente | ubicación actual | Sala de ubicación | Fecha de adquisición | Fuente de adquisición | Total Checkouts | Número de clasificación | Código de barras | Date last seen | Número de ejemplar | Price effective from | Koha tipo de elemento (item) | Public note |
|---|---|---|---|---|---|---|---|---|---|---|---|---|---|---|---|---|---|
| Dewey Decimal Classification | Biblioteca Medicina | Biblioteca Medicina | Circulación | 06/02/2018 | Donación Maria Vitarelli, diciembre 2017 | 808 30 GRA | 4165 | 06/02/2018 | Ej. 1 | 06/02/2018 | LITERATURA | Proyecto 4to libro. Donación Maria Vitarelli, diciembre 2017 |